000 00341nam a2200157Ia 4500
100 _aShah/Sharanam/ Shah/Vaishali
650 _aJava
942 _cBK
366 _f20
245 _aJava EE 6: For beginners
260 _bShroff Publishers
_c2010
082 _a5.133
_bSHA
300 _a985
546 _aENGLISH
_cComputers
999 _c30233
_d30233